000 00670nas a2200229 i 4500
001 189935
003 ES-MaACL
005 20250217134935.0
008 200129d1967 sp a| | ||pa d
022 _a2481-9077
245 0 0 _aAntología financiera :
_bbanca, bolsa, industria, comercio, inversiones, finanzas.
260 _aMadrid :
_bJ.R.M.,
_c1967-
300 _a9 v. ;
_c30 cm.
310 _aAnual
362 0 _a1966-
650 _aFinanzas-
_zEspaña.
_912872
852 _aES-MaACL
_jP-1232
852 _aES-MaACL
_jA-9215
_z.- (Año 1978)
852 _aES-MaACL
_jA-9905
_z.- (Año 1978)
866 0 _o1966-1973, 1978, 1981.
999 _c189935
_d189935